Normal view
MARC view
Entry Personal Name
001 - CONTROL NUMBER
- control field: 36780
003 - CONTROL NUMBER IDENTIFIER
- control field: OSt
005 - DATE AND TIME OF LATEST TRANSACTION
- control field: 20160203172537.0
008 - FIXED-LENGTH DATA ELEMENTS
- fixed length control field: 160203|| aca||aabn | a|a d
040 ## - CATALOGING SOURCE
- Original cataloging agency: OSt
- Transcribing agency: OSt
100 ## - HEADING--PERSONAL NAME
- Personal name: बायती डॉ. जमनालाल
670 ## - SOURCE DATA FOUND
- Source citation: Work cat.: (OSt): बायती डॉ. जमनालाल, शिक्षा प्रशासन एवं प्रबन्ध के आधुनिक सिद्धान्त , 2009









